00000000nam##2200000za#4500
0019.667414
003CaOODSP
00520210615123516
007ta
008150407|2006||||xxc|||||     f|0| 0 fre|d
020 |a0-662-49050-9
040 |aCaOODSP|bfre
041 |aeng
041 |afre
043 |an-cn---
0861 |aCH1-3/2006
1101 |aCanada. |bPatrimoine canadien.
24510|aGuide des programmes d'appui financier de Patrimoine canadien
260 |aOttawa - Ontario : |bPatrimoine canadien |c2006.
300 |aTexte français, [5], 96p. ; |c28 cm.
500 |a«Printemps 2006».
5203 |aCe document est un guide des programmes de subventions, de bourses, de crédits d’impôt et autres programmes d’appui financier offerts par le ministère du Patrimoine canadien dans les catégories suivantes : les autochtones, les arts et la culture, le patrimoine du Canada, notre mémoire numérique, le multiculturalisme, les langues officielles, le sport et les jeunes. On y trouvera une brève description de chacun des programmes suivie de renseignements sur les personnes qui peuvent présenter une demande, quand elles peuvent le faire et où. Les programmes changent de temps en temps, c’est pourquoi on encourage les lecteurs à consulter le site Web du ministère (www.patrimoinecanadien.gc.ca) afin qu’ils y trouvent les renseignements les plus récents.
563 |aReliure à spirale
590 |a06-18|b2006-05-05
69107|aAide financière|2gcpds
69107|aPatrimoine|2gcpds
69107|aProgramme d'aide|2gcpds
7760#|tGuide des programmes d'appui financier de Patrimoine canadien |w(CaOODSP)9.632643
7760#|tGuide to Canadian Heritage financial support programs |w(CaOODSP)9.688211
791 |tGuide to Canadian Heritage financial support programs |eeng|w(CaOODSP)9.667413